M. Renan et la Vie de Jésus / (Record no. 155222)

MARC details
000 -LEADER
campo de control de longitud fija 00778nam a22002055i 4500
001 - NÚMERO DE CONTROL
campo de control 155222
003 - IDENTIFICADOR DE NÚMERO DE CONTROL
campo de control ES-MaACL
005 - FECHA Y HORA DE LA ÚLTIMA TRANSACCIÓN
campo de control 20250817210107.0
008 - DATOS DE LONGITUD FIJA--INFORMACIÓN GENERAL
campo de control de longitud fija 040716s1863 fr |||| | fre d
080 ## - NÚMERO DE LA CLASIFICACIÓN DECIMAL UNIVERSAL
Número de la Clasificación Decimal Universal 930 Renan, Ernest. Vie de Jésus
080 ## - NÚMERO DE LA CLASIFICACIÓN DECIMAL UNIVERSAL
Número de la Clasificación Decimal Universal 27-312
100 1# - ENTRADA PRINCIPAL--NOMBRE DE PERSONA
Nombre de persona Hello, Ernest.
9 (RLIN) 62459
245 10 - MENCIÓN DEL TÍTULO
Título M. Renan et la Vie de Jésus /
Mención de responsabilidad, etc. par Ernest Hello.
260 ## - PUBLICACIÓN, DISTRIBUCIÓN, ETC.
Lugar de publicación, distribución, etc. Paris :
Nombre del editor, distribuidor, etc. Victor Palmé, éditeur :
-- Charles Douniol, éditeur,
Fecha de publicación, distribución, etc. 1863 (
Fabricante Imp. W. Remquet, Goupy et C.)
300 ## - DESCRIPCIÓN FÍSICA
Extensión 23 cm ;
Dimensiones 23 cm.
600 17 - PUNTO DE ACCESO ADICIONAL DE MATERIA--NOMBRE DE PERSONA
Nombre de persona Renan, Ernest,
Fechas asociadas al nombre 1823-1892.
Título de la obra Vie de Jésus
Fuente del encabezamiento o término
9 (RLIN) 148408
600 04 - PUNTO DE ACCESO ADICIONAL DE MATERIA--NOMBRE DE PERSONA
Nombre de persona Jesucristo-
Subdivisión general Biografías.
9 (RLIN) 140032
852 4# - LOCALIZACIÓN
Ubicación ES-MaACL
Número de control de estantería T-80-F-7
Nota libre - Enc. hol., falto de cub. original
-- - Enc. en un vol. facticio
Holdings
Estatus retirado Estado de pérdida Estado de daño No para préstamo Colección Biblioteca de origen Biblioteca actual Ubicación en estantería Fecha de adquisición Total de préstamos Signatura topográfica completa Código de barras Visto por última vez Precio de reemplazo Tipo de ítem Koha
        Colección de folletos Biblioteca del Ateneo de Madrid Biblioteca del Ateneo de Madrid Depósito folletos 17/01/2008   T-80-F-7 1162371 23/02/2023 23/02/2023 Folleto